Estadísticas para Prueba de Italia

Haz click aquí para tomar la prueba!

Estadísticas generales

  • Esta prueba ha sido tomada 4.276 veces
  • La puntuación promedio es 24 de 34

Estadísticas de respuestas

PistaRespuesta% Correcto
Famoso por los canalesVenecia
91%
Países que limitan con ItaliaFrancia
90%
Capital de la modaMilán
90%
La ciudad de la torre inclinadaPisa
90%
Pintor de la Capilla SixtinaMiguel Ángel
88%
Países que limitan con ItaliaSuiza
87%
Las dos islas más grandesSicilia
84%
Países que limitan con ItaliaAustria
83%
Países que limitan con ItaliaCiudad del Vaticano
82%
Países que limitan con ItaliaSan Marino
81%
El hombre supremo del RenacimientoLeonardo da Vinci
80%
El origen de la pizzaNápoles
80%
Países que limitan con ItaliaEslovenia
78%
Los fundadores de RomaRemo
78%
Los fundadores de RomaRómulo
77%
Capital de la moda (Italiano)Milano
75%
El volcán que destruyó PompeyaVesubio
74%
Capital de la ToscanaFlorencia
73%
Las dos islas más grandesCerdeña
72%
El origen de la pizza (Italiano)Napoli
72%
El río más largoPo
65%
Ciudad anfitriona de los Juegos Olímpicos de 2006Turín
63%
Famoso por los canales (Italiano)Venezia
63%
Padre de la AstronomíaGalileo Galilei
61%
Moneda antes de 2002Lira
59%
El volcán más altoMonte Etna
59%
Famoso fabricante de violines que murió en 1737Antonio Stradivari
56%
Ciudad anfitriona de los Juegos Olímpicos de 2006 (Italiano)Torino
55%
La mejor liga de fútbolSerie A
54%
El primer emperador romanoAugusto
52%
Capital de la Toscana (Italiano)Firenze
47%
Apodo de RomaLa Ciudad {Eterna}
44%
La montaña más altaMonte Bianco
36%
Pionero de la radioGuillermo Marconi
34%

Distribución de puntuación

Porcentaje por número respondido

Porcentaje de gente con cada puntuación

Historial de tus puntuaciones

No has tomado esta prueba